| 000 | 00829 a2200229 4500 | ||
|---|---|---|---|
| 999 |
_c2139 _d2139 |
||
| 020 | _a1848134592 (pbk.) | ||
| 020 | _a9781848134591 (pbk.) | ||
| 020 | _a9781848134584 (hbk.) | ||
| 020 | _a1848134584 (hbk.) | ||
| 050 | 0 | 0 | _aHJ8826.NDI 2011 |
| 100 | 1 |
_aNdikumana, Leonce _eauthor |
|
| 245 | 1 | 0 |
_aAfrica's odious debts : _bhow foreign loans and capital flight bled a continent / _cLeonce Ndikumana and Jmaes K. Boyce |
| 264 |
_aLondon: _bZed books., _c2011 |
||
| 300 |
_axi, 135 p. : _bill., map ; |
||
| 500 | _aIncludes bibliographical references and index | ||
| 504 | _aIncludes bibliographical references and index | ||
| 650 | 0 | _aDebts, External | |
| 650 | 0 | _aInvestments, Foreign | |
| 700 | 1 |
_aBoyce, James K. _eauthor |
|
| 942 |
_2lcc _cBK _h8826 _iNDI _kHJ |
||